Statistics for Formal names of states

Click here to take the quiz!

General Stats

  • This quiz has been taken 20 times
  • The average score is 9 of 18

Answer Stats

HintAnswer% Correct
____ Republic of ChinaPeople's
94%
____ Republic of IranIslamic
88%
____ Mexican StatesUnited
81%
____ Republic of BrazilFederative
69%
____ of the NetherlandsKingdom
69%
____ Republic of VietnamSocialist
63%
____ Republic of EgyptArab
56%
Federal ____ Republic of NepalDemocratic
56%
____ of OmanSultanate
56%
____ Republic of VenezuelaBolivarian
50%
____ of AustraliaCommonwealth
50%
____ ____ of LuxembourgGrand Duchy
44%
____ of AndorraPrincipality
44%
Swiss ____Confederation
38%
____ of the ComorosUnion
38%
____ State of Papua New GuineaIndependent
25%
____ Republic of UruguayOriental
13%
____ State of BoliviaPlurinational
13%

Score Distribution

Percentile by Number Answered

Percent of People with Each Score

Your Score History

You have not taken this quiz